000 00783nam a22002657a 4500
001 BR6900394
003 BR-BrBNA
005 20230928083535.0
007 ta
008 230509b bl.||||| |||| 00| 0 por d
040 _aBR-BrBNA
_bpor
_cBiblioteca Nacional de Agricultura
041 _a(Por)
072 _aE10
_b/G514
090 _ E10 BR6900394
110 1 _aSuperintendencia do Desenvolvimento da Amazonia, Belem, PA (Brasil)
245 1 _aProjetos aprovados: Agropecuarios/industriais/servicos basicos - 1964 [Brasil]
260 3 _aBelem, PA (Brasil):
_c1969.
300 _a80 p.
500 _aNumerical data
650 _aMacroeconomia
650 _aProjeto de desenvolvimento
650 _aIncentivo fiscal
909 _a202309
_bLucia
_c55
_dLucia Elande
942 _cBK
999 _c14055
_d14055